书目信息 |
| 题名: |
调查手册
|
|
| 作者: | 芬克 著 ;邢晓辉 , 李永光 译 | |
| 分册: | ||
| 出版信息: | 北京 中国劳动社会保障出版社 2004 |
|
| 页数: | 171页 | |
| 开本: | 20cm | |
| 丛书名: | 调研工具箱丛书 | |
| 单 册: | ||
| 中图分类: | C3 | |
| 科图分类: | ||
| 主题词: | 调查--概论--手册 , 社会科学--研究方法 | |
| 电子资源: | ||
| ISBN: | 7-5045-4452-3 | |
| 000 | 01152oam2 2200313 450 | |
| 001 | 060000009171 | |
| 005 | 20051223105333.96 | |
| 010 | @a7-5045-4452-3@dCNY13.00 | |
| 092 | @aCN | |
| 100 | @a20040705d2004 ekmy0chiy0120 ea | |
| 101 | 1 | @achi@ceng |
| 102 | @aCN@b110000 | |
| 105 | @ak z 000yy | |
| 200 | 1 | @a调查手册@9diao cha shou ce@d= The Survey Handbook@f(美)阿琳·芬克著@F(mei)a lin·fen ke zhu@g邢晓辉,李永光译@zeng |
| 210 | @a北京@c中国劳动社会保障出版社@d2004 | |
| 215 | @a171页@d20cm | |
| 225 | 2 | @a调研工具箱丛书@v1 |
| 305 | @a原书第二版 | |
| 330 | @a本书旨在介绍实施一项调查所需要的技能和资源。这些技能包括识别某项特定的调查目的、设计研究及抽样的方案,改进调查使其更加可靠和有效,实施调查、管理数据、分析调查结果并写成报告。本书的目的还在于教会你如何组织调查项目并且核算项目的成本。 | |
| 461 | 0 | @12001 @a调研工具箱丛书 |
| 510 | 1 | @aThe Survey Handbook@zeng |
| 606 | 0 | @a调查@x概论@j手册 |
| 606 | 0 | @a社会科学@x研究方法 |
| 690 | @aC3@v4 | |
| 701 | 0 | @a芬克@Afen ke@4著 |
| 702 | 0 | @a邢晓辉@9xing xiao hui@4译 |
| 702 | 0 | @a李永光@9li yong guang@4译 |
| 801 | 0 | @aCN@bCXYBOOK@c20051223 |
| 905 | @a10447@dC3@e167:1 | |
| 调查手册= The Survey Handbook/(美)阿琳·芬克著/邢晓辉,李永光译.-北京:中国劳动社会保障出版社,2004 |
| 171页;20cm.-(调研工具箱丛书;1) |
| ISBN 7-5045-4452-3:CNY13.00 |
| 本书旨在介绍实施一项调查所需要的技能和资源。这些技能包括识别某项特定的调查目的、设计研究及抽样的方案,改进调查使其更加可靠和有效,实施调查、管理数据、分析调查结果并写成报告。本书的目的还在于教会你如何组织调查项目并且核算项目的成本。 |
| ● |
| 相关链接 |
|
|
|
|
正题名:调查手册
索取号:C3/167:1
 
预约/预借
| 序号 | 登录号 | 条形码 | 馆藏地/架位号 | 状态 | 备注 |
| 1 | 0372368 | 203723685 | 第一样本阅览室/ [索取号:C3/167:1] | 在馆 | |
| 2 | 0372369 | 203723694 | 第一借阅区/ [索取号:C3/167:1] | 在馆 | |
| 3 | 0372370 | 203723701 | 第一借阅区/ [索取号:C3/167:1] | 在馆 | |
| 4 | 0372371 | 203723710 | 第一借阅区/ [索取号:C3/167:1] | 在馆 | |
| 5 | 0372372 | 203723729 | 第一借阅区/ [索取号:C3/167:1] | 在馆 | |
| 6 | 0372373 | 203723738 | 第一借阅区/ [索取号:C3/167:1] | 在馆 |